Central Library OPAC University of Rajshahi

The concept of elasticity and the growth equation : / (Record no. 18527)

MARC details
000 -LEADER
fixed length control field 00848nam a2200253 a 4500
001 - CONTROL NUMBER
control field 18527
003 - CONTROL NUMBER IDENTIFIER
rucl marc code BD-RjUL
005 - DATE AND TIME OF LATEST TRANSACTION
control field 20211209000310.0
008 - FIXED-LENGTH DATA ELEMENTS--GENERAL INFORMATION
fixed length control field 160926s1961 enk b 000 0 eng
035 ## - SYSTEM CONTROL NUMBER
System control number (BD-RjUL)18585
040 ## - CATALOGING SOURCE
Original cataloging agency DLC
Transcribing agency ODaWU
Modifying agency OCoLC
-- DLC
-- BD-RjUL
Language of cataloging eng
041 ## - LANGUAGE CODE
Language code of text/sound track or separate title eng
082 ## - DEWEY DECIMAL CLASSIFICATION NUMBER
Classification number 339.35496
Author mark and year THC 1961
Edition number 23
100 1# - MAIN ENTRY--PERSONAL NAME
Personal name Thweatt, William O.
9 (RLIN) 57104
245 14 - TITLE STATEMENT
Title The concept of elasticity and the growth equation : /
Remainder of title with emphasis on the role of capital in Nepal's Economic development /
Statement of responsibility, etc. Thweatt, William O.
260 ## - PUBLICATION, DISTRIBUTION, ETC. (IMPRINT)
Place of publication, distribution, etc. London :
Name of publisher, distributor, etc. Asia Pub. House,
Date of publication, distribution, etc. c1961
300 ## - PHYSICAL DESCRIPTION
Pagination xi, 91 p. ;
Size 18 cm.
504 ## - BIBLIOGRAPHY, ETC. NOTE
Bibliography, etc Includes bibliography.
650 #0 - SUBJECT ADDED ENTRY--TOPICAL TERM
Topical term or geographic name as entry element Economic development.
9 (RLIN) 57105
Topical term or geographic name as entry element Income
Geographic subdivision Nepal.
9 (RLIN) 57106
Topical term or geographic name as entry element Capital
Geographic subdivision Nepal.
9 (RLIN) 57107
Topical term or geographic name as entry element Finance
Geographic subdivision Developing countries.
9 (RLIN) 57108
942 ## - ADDED ENTRY ELEMENTS (KOHA)
Source of classification or shelving scheme Dewey Decimal Classification
Koha item type Books
Holdings
Lost status Source of classification or shelving scheme Damaged status Not for loan Collection code Permanent Location Current Location Shelving location Date acquired Source of acquisition Cost, normal purchase price Total Checkouts Full call number Date last seen Copy number Koha item type
  Dewey Decimal Classification     Non-fiction Central Library, University of Rajshahi Central Library, University of Rajshahi   03/06/1964 Zeitlinger 18.00   339.35496 THC 1961 20/02/2014 C-3 Books
  Dewey Decimal Classification     Non-fiction Central Library, University of Rajshahi Central Library, University of Rajshahi   31/03/1965 Sweets and Zeitlingers 18.00   339.35496 THC 1961 15/06/2016 C-2 Books
  Dewey Decimal Classification     Non-fiction Central Library, University of Rajshahi Central Library, University of Rajshahi   31/03/1965 Sweers and Zeitlingers 18.00   339.35496 THC 1961 15/06/2016 C-4 Books
  Dewey Decimal Classification     Non-fiction Central Library, University of Rajshahi Central Library, University of Rajshahi   27/03/1965 Zeitlinger 18.00   339.35496 THC 1961 01/08/2016 C-5 Books
  Dewey Decimal Classification   Not For Loan Non-fiction Central Library, University of Rajshahi Central Library, University of Rajshahi Reading Room 03/06/1964 Zeitlinger 18.00   339.35496 THC 1961 26/09/2016 C-1 Books